[Event "Muensterland Verbandsliga 1718"]
[Site "Germany"]
[Date "2017.11.18"]
[Round "3.8"]
[White "Blanke, Martin"]
[Black "Hoffmann, Klaus Peter"]
[Result "1/2-1/2"]
[WhiteElo "1651"]
[BlackElo "1517"]
[PlyCount "81"]
[EventDate "2017.09.09"]
[EventType "team-tourn"]
[EventRounds "9"]
[EventCountry "GER"]
[SourceTitle "EXT 2019"]
[Source "ChessBase"]
[SourceDate "2018.10.10"]
[SourceVersion "1"]
[SourceVersionDate "2018.10.10"]
[SourceQuality "1"]
[WhiteTeam "Metelen"]
[BlackTeam "Duelmen"]
[WhiteTeamCountry "GER"]
[BlackTeamCountry "GER"]

1. e4 e6 2. d4 d5 3. exd5 exd5 4. Nf3 Bg4 5. h3 Bh5 6. Be2 Nf6 7. 0-0 Be7 8. Re1 0-0 9. a3 a5 10. b3 Re8 11. Nbd2 Nbd7 12. Bb2 c6 13. Rc1 a4 14. b4 b5 15. Ne5 Bxe2 16. Rxe2 Qc7 17. Ndf3 h6 18. Qd3 Ne4 19. Rce1 Bf6 20. Ng4 Re6 21. Nd2 Ng5 22. h4 Rxe2 23. Rxe2 Ne6 24. Nxf6+ Nxf6 25. Qf5 Re8 26. Nf3 Nd7 27. Kf1 g6 28. Qd3 Kg7 29. Qd2 Nf6 30. Bc1 Ng8 31. Re5 f6 32. Re2 g5 33. Qe1 Qd6 34. hxg5 hxg5 35. c3 g4 36. Ng1 Nh6 37. f3 Nf5 38. f4 Kf7 39. g3 Rh8 40. Qf2 Rh5 41. Re1 1/2-1/2

[Event "Muensterland Verbandsklasse 1314"]
[Site "Germany"]
[Date "2014.03.08"]
[Round "7.5"]
[White "Klueppel, Ralf"]
[Black "Blanke, Martin"]
[Result "1-0"]
[WhiteElo "1734"]
[BlackElo "1654"]
[PlyCount "35"]
[EventDate "2013.09.21"]
[EventType "team-tourn"]
[EventRounds "9"]
[EventCountry "GER"]
[SourceTitle "EXT 2015"]
[Source "ChessBase"]
[SourceDate "2014.11.20"]
[SourceVersion "1"]
[SourceVersionDate "2014.11.20"]
[SourceQuality "1"]
[WhiteTeam "Borken"]
[BlackTeam "Metelen"]
[WhiteTeamCountry "GER"]
[BlackTeamCountry "GER"]

1. d4 d5 2. Nf3 c6 3. e3 e6 4. Bd3 Be7 5. Nbd2 Nf6 6. 0-0 Nbd7 7. b3 0-0 8. Bb2 c5 9. Qe2 a6 10. Rfd1 b5 11. c4 bxc4 12. bxc4 cxd4 13. Bxd4 Nc5 14. Bxc5 Bxc5 15. e4 dxe4 16. Nxe4 Be7 17. Nxf6+ Bxf6 18. Bxh7+ 1-0

[Event "Muensterland Verbandsklasse-A 1213"]
[Site "Germany"]
[Date "2013.02.16"]
[Round "6.6"]
[White "Blanke, Martin"]
[Black "Althoff, Ralph"]
[Result "1/2-1/2"]
[WhiteElo "1674"]
[BlackElo "1840"]
[PlyCount "76"]
[EventDate "2012.09.15"]
[EventType "team-tourn"]
[EventRounds "9"]
[EventCountry "GER"]
[SourceTitle "EXT 2015"]
[Source "ChessBase"]
[SourceDate "2014.11.20"]
[SourceVersion "1"]
[SourceVersionDate "2014.11.20"]
[SourceQuality "1"]
[WhiteTeam "Metelen"]
[BlackTeam "Olfen"]
[WhiteTeamCountry "GER"]
[BlackTeamCountry "GER"]

1. e4 c5 2. Nf3 e6 3. Be2 Nc6 4. 0-0 Nf6 5. d3 d6 6. b3 Be7 7. Bb2 0-0 8. Nbd2 e5 9. a4 Ne8 10. c3 f5 11. d4 cxd4 12. cxd4 fxe4 13. Nxe4 d5 14. Nc3 e4 15. Ne5 Be6 16. Ng4 Qb6 17. Ne3 Nf6 18. Nb5 a6 19. Na3 Rfc8 20. h3 Rc7 21. Kh1 Rac8 22. f3 Na5 23. fxe4 Nxe4 24. Bg4 Ng3+ 25. Kg1 Nxf1 26. Kxf1 Bxg4 27. Qxg4 Bxa3 28. Rxa3 Qf6+ 29. Kg1 Rf8 30. Qg3 Re7 31. Ra1 Qe6 32. Ng4 Rc8 33. Ba3 Rec7 34. Re1 Qb6 35. Rf1 Qxd4+ 36. Kh1 Rc3 37. Nh6+ Kh8 38. Nf7+ Kg8 1/2-1/2

[Event "Muensterland Verbandsklasse-A 1213"]
[Site "Germany"]
[Date "2012.10.20"]
[Round "2.7"]
[White "Joergensmann, Rolf"]
[Black "Blanke, Martin"]
[Result "1/2-1/2"]
[WhiteElo "1675"]
[BlackElo "1674"]
[PlyCount "46"]
[EventDate "2012.09.15"]
[EventType "team-tourn"]
[EventRounds "9"]
[EventCountry "GER"]
[SourceTitle "EXT 2015"]
[Source "ChessBase"]
[SourceDate "2014.11.20"]
[SourceVersion "1"]
[SourceVersionDate "2014.11.20"]
[SourceQuality "1"]
[WhiteTeam "Nienberge II"]
[BlackTeam "Metelen"]
[WhiteTeamCountry "GER"]
[BlackTeamCountry "GER"]

1. e4 e5 2. Nf3 Nc6 3. Bb5 a6 4. Bxc6 bxc6 5. 0-0 d6 6. d4 Bg4 7. dxe5 Bxf3 8. Qxf3 dxe5 9. Rd1 Qf6 10. Qe2 Bd6 11. Nd2 Ne7 12. Nf3 h6 13. Be3 0-0 14. c4 c5 15. b4 Ng6 16. bxc5 Be7 17. Rab1 Rab8 18. Rb3 Rfd8 19. Rxd8+ Rxd8 20. g3 Qc6 21. Qc2 Bxc5 22. h4 Bxe3 23. Rxe3 f6 1/2-1/2

[Event "Muensterland Verbandsklasse-A 1213"]
[Site "Germany"]
[Date "2012.09.15"]
[Round "1.6"]
[White "Miemietz, Carsten"]
[Black "Blanke, Martin"]
[Result "1/2-1/2"]
[WhiteElo "1715"]
[BlackElo "1674"]
[PlyCount "87"]
[EventDate "2012.09.15"]
[EventType "team-tourn"]
[EventRounds "9"]
[EventCountry "GER"]
[SourceTitle "EXT 2015"]
[Source "ChessBase"]
[SourceDate "2014.11.20"]
[SourceVersion "1"]
[SourceVersionDate "2014.11.20"]
[SourceQuality "1"]
[WhiteTeam "Muenster SK IV"]
[BlackTeam "Metelen"]
[WhiteTeamCountry "GER"]
[BlackTeamCountry "GER"]

1. c4 Nf6 2. Nc3 e5 3. Nf3 Nc6 4. g3 Be7 5. Bg2 d6 6. 0-0 0-0 7. Rb1 Bf5 8. d3 e4 9. Nh4 Be6 10. Nxe4 Nxe4 11. Bxe4 Bxh4 12. gxh4 Qxh4 13. Kh1 Ne5 14. f3 c6 15. d4 Nxc4 16. Rg1 d5 17. Bg5 Qh5 18. Bd3 f6 19. Bf4 Rad8 20. Qa4 Qh4 21. Bxc4 Qxf4 22. Bd3 a6 23. Qb4 Bc8 24. Rg3 Rf7 25. Rd1 Re8 26. Qd2 Qxd2 27. Rxd2 Rfe7 28. Kg2 g6 29. Kf2 Kf7 30. Rc2 f5 31. Rc1 Kf6 32. Rcg1 Be6 33. h4 Rg8 34. f4 Rgg7 35. Kf3 Bc8 36. b4 Rc7 37. Rc1 h5 38. Rc3 Rce7 39. Rg1 Bd7 40. Rgc1 b5 41. Ra1 Re6 42. a3 Rge7 43. Ra2 Re3+ 44. Kg2 1/2-1/2

[Event "Muensterland Verbandsklasse-A 1011"]
[Site "Germany"]
[Date "2011.01.29"]
[Round "6.5"]
[White "Blanke, Martin"]
[Black "Weise, Andreas"]
[Result "1-0"]
[WhiteElo "1659"]
[BlackElo "1673"]
[PlyCount "77"]
[EventDate "2010.09.18"]
[EventType "team-tourn"]
[EventRounds "9"]
[EventCountry "GER"]
[SourceTitle "EXT 2012"]
[Source "ChessBase"]
[SourceDate "2011.11.24"]
[SourceVersion "1"]
[SourceVersionDate "2011.11.24"]
[SourceQuality "1"]
[WhiteTeam "Metelen"]
[BlackTeam "Duelmen"]
[WhiteTeamCountry "GER"]
[BlackTeamCountry "GER"]

1. e4 e6 2. d4 d5 3. exd5 exd5 4. g3 Nf6 5. Bg2 Bd6 6. Ne2 0-0 7. 0-0 c6 8. c3 Bg4 9. f3 Bf5 10. Bf4 Qc7 11. Bxd6 Qxd6 12. Nd2 Nbd7 13. Re1 h6 14. Nf1 Rfe8 15. Qd2 b6 16. Nf4 a5 17. Rxe8+ Rxe8 18. Re1 Rxe1 19. Qxe1 g5 20. Nh3 b5 21. Nf2 c5 22. Ne3 Qe6 23. Qd2 Bg6 24. Bh3 Qe8 25. Bxd7 Qxd7 26. dxc5 Qc6 27. Qd4 Kh7 28. a3 Qe6 29. Kg2 h5 30. b4 axb4 31. cxb4 Kh6 32. Nh3 Bb1 33. Nf2 Kg6 34. Nfd1 Ba2 35. Nc3 Bc4 36. a4 bxa4 37. Nxa4 g4 38. f4 Bb5 39. f5+ 1-0

[Event "Muensterland Verbandsklasse-A 1011"]
[Site "Germany"]
[Date "2010.12.11"]
[Round "4.7"]
[White "Blanke, Martin"]
[Black "Boenigk, Winfried"]
[Result "0-1"]
[WhiteElo "1659"]
[BlackElo "1753"]
[PlyCount "58"]
[EventDate "2010.09.18"]
[EventType "team-tourn"]
[EventRounds "9"]
[EventCountry "GER"]
[SourceTitle "EXT 2012"]
[Source "ChessBase"]
[SourceDate "2011.11.24"]
[SourceVersion "1"]
[SourceVersionDate "2011.11.24"]
[SourceQuality "1"]
[WhiteTeam "Metelen"]
[BlackTeam "Olfen"]
[WhiteTeamCountry "GER"]
[BlackTeamCountry "GER"]

1. e4 d6 2. d4 Nf6 3. Nc3 g6 4. Nf3 Bg7 5. Bd3 Nc6 6. h3 0-0 7. 0-0 e5 8. dxe5 dxe5 9. Bg5 h6 10. Bh4 g5 11. Bg3 Nh5 12. Nxe5 Nxg3 13. Nxc6 bxc6 14. fxg3 Rb8 15. Rb1 Be6 16. Qe1 Be5 17. g4 Qd6 18. Kh1 Rb7 19. a4 Rfb8 20. b3 Rb4 21. Ne2 Bxb3 22. Qf2 Be6 23. Rxb4 Rxb4 24. Qxa7 Bc4 25. Qa8+ Kg7 26. Rd1 Bxd3 27. cxd3 Rb2 28. Ng1 Bd4 29. Qa5 Qg3 0-1

[Event "Muensterland Verbandsklasse-B 0910"]
[Site "Germany"]
[Date "2010.02.20"]
[Round "7.6"]
[White "Schwietering, Ralf"]
[Black "Blanke, Martin"]
[Result "1/2-1/2"]
[WhiteElo "1717"]
[BlackElo "1694"]
[PlyCount "68"]
[EventDate "2009.09.19"]
[EventType "team-tourn"]
[EventRounds "9"]
[EventCountry "GER"]
[SourceTitle "EXT 2011"]
[Source "ChessBase"]
[SourceDate "2010.11.26"]
[SourceVersion "1"]
[SourceVersionDate "2010.11.26"]
[SourceQuality "1"]
[WhiteTeam "Ochtrup"]
[BlackTeam "Metelen"]
[WhiteTeamCountry "GER"]
[BlackTeamCountry "GER"]

1. e4 c5 2. Nf3 d6 3. d4 cxd4 4. Nxd4 Nf6 5. Nc3 a6 6. f3 e6 7. Be3 Be7 8. Qd2 Qc7 9. Be2 Nc6 10. g4 h6 11. 0-0-0 Bd7 12. h4 0-0-0 13. Nb3 Ne5 14. Kb1 Nc4 15. Bxc4 Qxc4 16. Qd4 Qxd4 17. Rxd4 Bc6 18. Na5 d5 19. Nxc6 bxc6 20. exd5 Bc5 21. Rd3 Bxe3 22. Rxe3 Nxd5 23. Nxd5 Rxd5 24. Rd3 Rhd8 25. Rhd1 Kc7 26. Rxd5 Rxd5 27. Rxd5 exd5 28. f4 Kd6 29. Kc1 d4 30. Kd2 Kd5 31. Kd3 c5 32. b3 f6 33. h5 Ke6 34. Ke4 Kd6 1/2-1/2

[Event "Muensterland Verbandsklasse-B 0910"]
[Site "Germany"]
[Date "2009.11.21"]
[Round "3.7"]
[White "Blanke, Martin"]
[Black "Gaebler, Marcel"]
[Result "1-0"]
[WhiteElo "1694"]
[BlackElo "1560"]
[PlyCount "75"]
[EventDate "2009.09.19"]
[EventType "team-tourn"]
[EventRounds "9"]
[EventCountry "GER"]
[SourceTitle "EXT 2011"]
[Source "ChessBase"]
[SourceDate "2010.11.26"]
[SourceVersion "1"]
[SourceVersionDate "2010.11.26"]
[SourceQuality "1"]
[WhiteTeam "Metelen"]
[BlackTeam "Beelen"]
[WhiteTeamCountry "GER"]
[BlackTeamCountry "GER"]

1. d4 Nf6 2. c4 e6 3. Nc3 Bb4 4. a3 Bxc3+ 5. bxc3 b6 6. Nf3 Bb7 7. e3 Ne4 8. Qc2 f5 9. Be2 0-0 10. 0-0 Qf6 11. Rd1 Nc6 12. Ne1 Qh4 13. Bf1 Rf6 14. f3 Ng5 15. Qf2 Qh5 16. Nd3 Rg6 17. Kh1 Ne4 18. Qe1 Ng3+ 19. Kg1 Nxf1 20. Qxf1 Rh6 21. h3 g5 22. Nf2 Rf8 23. Qe2 Qh4 24. d5 Ne5 25. Rd4 Qg3 26. Nh1 Nxf3+ 27. Qxf3 Qe1+ 28. Qf1 Qxc3 29. Bd2 Qb3 30. Qd3 Qxd3 31. Rxd3 exd5 32. cxd5 Rd6 33. Bb4 c5 34. dxc6 Rxd3 35. Bxf8 Bxc6 36. Bh6 g4 37. hxg4 fxg4 38. Rf1 1-0

[Event "Muensterland Verbandsklasse-A 0809"]
[Site "Germany"]
[Date "2009.03.28"]
[Round "8.6"]
[White "Blanke, Martin"]
[Black "Stremmer, Hans Dieter"]
[Result "1/2-1/2"]
[WhiteElo "1741"]
[BlackElo "1858"]
[PlyCount "48"]
[EventDate "2008.09.13"]
[EventType "tourn"]
[EventRounds "9"]
[EventCountry "GER"]
[SourceTitle "EXT 2010"]
[Source "ChessBase"]
[SourceDate "2010.11.25"]
[SourceVersion "1"]
[SourceVersionDate "2010.11.25"]
[SourceQuality "1"]
[WhiteTeam "Metelen"]
[BlackTeam "Muenster SK III"]
[WhiteTeamCountry "GER"]
[BlackTeamCountry "GER"]

1. Nf3 Nf6 2. c4 g6 3. d4 Bg7 4. Nc3 d6 5. e3 0-0 6. Bd3 c5 7. dxc5 dxc5 8. 0-0 Nc6 9. a3 Bg4 10. Be2 Qxd1 11. Rxd1 Rad8 12. Bd2 Rd7 13. h3 Bxf3 14. Bxf3 Ne5 15. Be2 Rfd8 16. Be1 Nd3 17. Bxd3 Rxd3 18. Rxd3 Rxd3 19. Kf1 e6 20. Ke2 Rd7 21. f3 Ne8 22. Rc1 Bxc3 23. Bxc3 Nd6 24. Rd1 Kf8 1/2-1/2

[Event "Muensterland Verbandsklasse-B 0708"]
[Site "Germany"]
[Date "2008.04.12"]
[Round "8.4"]
[White "Blanke, Martin"]
[Black "Lipkin, Ilia"]
[Result "1-0"]
[WhiteElo "1706"]
[BlackElo "1902"]
[PlyCount "39"]
[EventDate "2007.09.15"]
[EventType "team-tourn"]
[EventRounds "9"]
[EventCountry "GER"]
[SourceTitle "EXT 2009"]
[Source "ChessBase"]
[SourceDate "2008.11.26"]
[SourceVersion "1"]
[SourceVersionDate "2008.11.26"]
[SourceQuality "1"]
[WhiteTeam "Metelen"]
[BlackTeam "Nienberge"]
[WhiteTeamCountry "GER"]
[BlackTeamCountry "GER"]

1. e4 c5 2. Nc3 Nc6 3. Nf3 e6 4. Be2 a6 5. a4 Qc7 6. d3 Nf6 7. 0-0 h6 8. h3 d5 9. exd5 exd5 10. d4 c4 11. Re1 Be7 12. Bxc4 Be6 13. Bd3 0-0-0 14. Ne2 g5 15. Ng3 g4 16. hxg4 Nxg4 17. Bf5 Bd6 18. Rxe6 Nxf2 19. Rxd6+ Kb8 20. Rxd8+ 1-0

[Event "Muensterland Verbandsklasse-B 0708"]
[Site "Germany"]
[Date "2007.10.20"]
[Round "2.5"]
[White "Blanke, Martin"]
[Black "Wigger, Reiner"]
[Result "0-1"]
[WhiteElo "1706"]
[BlackElo "1812"]
[PlyCount "142"]
[EventDate "2007.09.15"]
[EventType "team-tourn"]
[EventRounds "9"]
[EventCountry "GER"]
[SourceTitle "EXT 2009"]
[Source "ChessBase"]
[SourceDate "2008.11.26"]
[SourceVersion "1"]
[SourceVersionDate "2008.11.26"]
[SourceQuality "1"]
[WhiteTeam "Metelen"]
[BlackTeam "Muenster Indische Dame"]
[WhiteTeamCountry "GER"]
[BlackTeamCountry "GER"]

1. e4 d5 2. exd5 Nf6 3. Nc3 Nxd5 4. Nxd5 Qxd5 5. Nf3 Bg4 6. Be2 Nc6 7. 0-0 e6 8. c3 Bd6 9. d4 0-0 10. h3 Bh5 11. Be3 Be7 12. Qc2 Bg6 13. Bd3 Bxd3 14. Qxd3 Na5 15. Rfd1 Nc4 16. Qe2 Nxe3 17. fxe3 Rfd8 18. e4 Qa5 19. a3 c6 20. Rd2 Bf6 21. Rad1 Rd7 22. Kh1 h6 23. Rd3 Rad8 24. Nh2 Qb5 25. Ng4 Bg5 26. Ne5 Re7 27. Qc2 Bf4 28. a4 Qa5 29. Nf3 Bb8 30. b4 Qc7 31. b5 Qf4 32. Qe2 Rc8 33. e5 Rec7 34. Rf1 cxb5 35. Nd2 Qh4 36. Nf3 Qd8 37. axb5 Rxc3 38. Rxc3 Rxc3 39. Qe4 Qd7 40. Rb1 Qc7 41. Kg1 Rc1+ 42. Kh2 Rxb1 43. Qxb1 Qc4 44. Qb2 Bc7 45. Nd2 Qd5 46. Nf3 Bb6 47. Qb4 Qd8 48. Qb2 a6 49. bxa6 bxa6 50. Qb4 a5 51. Qa4 Kf8 52. Kg3 Qe8 53. Qa3+ Qe7 54. Qa4 Bd8 55. Qb5 Qe8 56. Qc5+ Kg8 57. d5 exd5 58. Qxd5 a4 59. Nd4 Be7 60. e6 fxe6 61. Nxe6 Qf7 62. Qa8+ Kh7 63. Qd5 Qg6+ 64. Kh2 a3 65. Qa2 Qd3 66. Nf4 Bd6 67. g3 Qe4 68. Ne2 h5 69. Qd2 h4 70. Qa2 hxg3+ 71. Nxg3 Qd3 0-1

[Event "Muensterland Verbandsklasse-A 0607"]
[Site "Germany"]
[Date "2007.01.20"]
[Round "5.6"]
[White "Blanke, Martin"]
[Black "Janz, Stefan"]
[Result "1/2-1/2"]
[WhiteElo "1722"]
[BlackElo "1759"]
[PlyCount "49"]
[EventDate "2006.09.23"]
[EventType "team-tourn"]
[EventRounds "9"]
[EventCountry "GER"]
[SourceTitle "EXT 2008"]
[Source "ChessBase"]
[SourceDate "2007.11.25"]
[SourceVersion "1"]
[SourceVersionDate "2007.11.25"]
[SourceQuality "1"]
[WhiteTeam "Metelen"]
[BlackTeam "Sendenhorst"]
[WhiteTeamCountry "GER"]
[BlackTeamCountry "GER"]

1. e4 c6 2. g3 d5 3. Nc3 dxe4 4. Nxe4 Bf5 5. Bg2 Nd7 6. d3 Ngf6 7. h3 e6 8. Be3 Qc7 9. Ne2 Nd5 10. c3 Nxe3 11. fxe3 Bxe4 12. Bxe4 Bd6 13. Rg1 Nf6 14. Bf3 Qb6 15. Qd2 0-0-0 16. 0-0-0 e5 17. Bg2 Rhe8 18. Rge1 e4 19. d4 Qc7 20. g4 Nd5 21. Kb1 b5 22. Rc1 Nb6 23. b3 Qe7 24. Rc2 Rd7 25. Rf1 1/2-1/2

[Event "Muensterland Verbandsklasse-B 0506"]
[Site "Germany"]
[Date "2006.05.06"]
[Round "9.5"]
[White "Blanke, Martin"]
[Black "Emming, Benedikt"]
[Result "1-0"]
[WhiteElo "1732"]
[BlackElo "1746"]
[PlyCount "67"]
[EventDate "2005.09.03"]
[EventType "team-tourn"]
[EventRounds "9"]
[EventCountry "GER"]
[SourceTitle "EXT 2006"]
[Source "ChessBase"]
[SourceDate "2005.11.24"]
[SourceVersion "1"]
[SourceVersionDate "2005.11.24"]
[SourceQuality "1"]
[WhiteTeam "Metelen"]
[BlackTeam "Suedlohn II"]
[WhiteTeamCountry "GER"]
[BlackTeamCountry "GER"]

1. e4 c5 2. Nf3 Nc6 3. Be2 d6 4. c3 Nf6 5. Qc2 Bg4 6. h3 Bh5 7. d3 e6 8. 0-0 Be7 9. Be3 Rc8 10. Nbd2 0-0 11. Rac1 d5 12. exd5 Qxd5 13. a4 Rfd8 14. Qd1 e5 15. Ne1 Bxe2 16. Qxe2 e4 17. dxe4 Nxe4 18. Nxe4 Qxe4 19. Qf3 Qxa4 20. Qe2 Qe4 21. Qb5 b6 22. Nf3 Ne5 23. Nxe5 Qxe5 24. Rfe1 Qc7 25. Re2 Qd7 26. Qxd7 Rxd7 27. Rce1 Kf8 28. Bf4 Rcd8 29. Kf1 Bf6 30. Re4 Rd1 31. Rxd1 Rxd1+ 32. Ke2 Rb1 33. Bd6+ Be7 34. Bxe7+ 1-0

[Event "Muensterland Verbandsklasse-B 0506"]
[Site "Germany"]
[Date "2005.12.10"]
[Round "4.6"]
[White "Blanke, Martin"]
[Black "Ter Horst, Carsten"]
[Result "0-1"]
[WhiteElo "1732"]
[BlackElo "1786"]
[PlyCount "58"]
[EventDate "2005.09.03"]
[EventType "team-tourn"]
[EventRounds "9"]
[EventCountry "GER"]
[SourceTitle "EXT 2006"]
[Source "ChessBase"]
[SourceDate "2005.11.24"]
[SourceVersion "1"]
[SourceVersionDate "2005.11.24"]
[SourceQuality "1"]
[WhiteTeam "Metelen"]
[BlackTeam "Stadtlohn"]
[WhiteTeamCountry "GER"]
[BlackTeamCountry "GER"]

1. d4 d5 2. c4 dxc4 3. Qa4+ Nd7 4. Nf3 Ngf6 5. Qxc4 e6 6. Bg5 Be7 7. Nbd2 0-0 8. e4 h6 9. Bxf6 Nxf6 10. Bd3 b6 11. b4 c5 12. bxc5 bxc5 13. dxc5 a5 14. Qc2 Bxc5 15. 0-0 Be7 16. Rab1 Bd7 17. Nc4 Rc8 18. Qe2 Bc6 19. Rfd1 Qc7 20. Nce5 Ba4 21. Rdc1 Qxc1+ 22. Rxc1 Rxc1+ 23. Ne1 Bb4 24. N5f3 Rfc8 25. h3 Bd1 26. Qe3 Bxf3 27. Qxf3 Rxe1+ 28. Kh2 Bd6+ 29. g3 Rcc1 0-1

[Event "Muensterland Verbandsklasse-B 0304"]
[Site "Germany"]
[Date "2004.01.17"]
[Round "5.6"]
[White "Blanke, Martin"]
[Black "Gesing, Felix"]
[Result "1/2-1/2"]
[WhiteElo "1664"]
[BlackElo "1670"]
[PlyCount "44"]
[EventDate "2003.09.20"]
[EventType "team-tourn"]
[EventRounds "9"]
[EventCountry "GER"]
[SourceTitle "EXT 2005"]
[Source "ChessBase"]
[SourceDate "2004.11.15"]
[SourceVersion "1"]
[SourceVersionDate "2004.11.15"]
[SourceQuality "1"]
[WhiteTeam "Metelen"]
[BlackTeam "Raesfeld Erle"]
[WhiteTeamCountry "GER"]
[BlackTeamCountry "GER"]

1. e4 c5 2. Nf3 d6 3. Bc4 Nf6 4. Nc3 e6 5. 0-0 Be7 6. Re1 0-0 7. a3 a6 8. d3 b5 9. Ba2 Bb7 10. Bg5 Nbd7 11. h3 Rc8 12. Rc1 Qa5 13. Bb1 b4 14. axb4 cxb4 15. Na2 Ne5 16. Bd2 Nxf3+ 17. Qxf3 Qe5 18. Bxb4 Qxb2 19. Qg3 Nh5 20. Qg4 Nf6 21. Qg3 Nh5 22. Qg4 Nf6 1/2-1/2

[Event "Muensterland Verbandsklasse-B 0203"]
[Site "Muensterland"]
[Date "2002.12.14"]
[Round "4.7"]
[White "Plassmann, Florenz"]
[Black "Blanke, Martin"]
[Result "1-0"]
[WhiteElo "1818"]
[BlackElo "1679"]
[PlyCount "72"]
[EventDate "2002.09.28"]
[EventType "team-tourn"]
[EventRounds "9"]
[EventCountry "GER"]
[SourceTitle "EXT 2004"]
[Source "ChessBase"]
[SourceDate "2003.11.25"]
[SourceVersion "1"]
[SourceVersionDate "2003.11.25"]
[SourceQuality "1"]
[WhiteTeam "Muenster SK IV"]
[BlackTeam "Metelen"]
[WhiteTeamCountry "GER"]
[BlackTeamCountry "GER"]

1. Nf3 d5 2. d4 e6 3. c4 Nf6 4. g3 Be7 5. Bg2 0-0 6. 0-0 dxc4 7. Qc2 c5 8. Qxc4 cxd4 9. Nxd4 Nbd7 10. Rd1 Nb6 11. Qb3 Qc7 12. Na3 Bxa3 13. Qxa3 Bd7 14. Bg5 Ng4 15. Rac1 Qb8 16. Be7 Re8 17. Bd6 Qd8 18. Bxb7 Qf6 19. Qf3 Qg6 20. Nc6 Qh5 21. h4 g5 22. Ne5 f5 23. Nxg4 fxg4 24. Qf6 gxh4 25. Qxh4 Qxh4 26. gxh4 Rad8 27. Bc7 Rc8 28. Bxc8 Rxc8 29. Bxb6 Rxc1 30. Rxc1 axb6 31. Rc7 Bb5 32. Kf1 h5 33. b3 Kf8 34. Rb7 Be8 35. Rxb6 Kf7 36. a4 Kf6 1-0

[Event "Muensterland Verbandsklasse-B 0203"]
[Site "Muensterland"]
[Date "2002.09.28"]
[Round "1.6"]
[White "Blanke, Martin"]
[Black "Sindermann, Erwin"]
[Result "0-1"]
[WhiteElo "1679"]
[BlackElo "1829"]
[PlyCount "62"]
[EventDate "2002.09.28"]
[EventType "team-tourn"]
[EventRounds "9"]
[EventCountry "GER"]
[SourceTitle "EXT 2004"]
[Source "ChessBase"]
[SourceDate "2003.11.25"]
[SourceVersion "1"]
[SourceVersionDate "2003.11.25"]
[SourceQuality "1"]
[WhiteTeam "Metelen"]
[BlackTeam "Duelmen"]
[WhiteTeamCountry "GER"]
[BlackTeamCountry "GER"]

1. d4 Nf6 2. Nf3 g6 3. b3 Bg7 4. e3 c6 5. Bd3 d6 6. 0-0 0-0 7. Bb2 Nbd7 8. Nbd2 Re8 9. Re1 Qc7 10. Rc1 e5 11. dxe5 Nxe5 12. Nxe5 dxe5 13. e4 Bg4 14. Nf3 Rad8 15. h3 Bc8 16. Qe2 Nh5 17. Rcd1 Bh6 18. c4 Nf4 19. Qc2 Bg7 20. Bf1 Ne6 21. Rxd8 Rxd8 22. Rd1 Nd4 23. Qc3 c5 24. Nh2 b6 25. Kh1 Qe7 26. Qg3 h5 27. Bc1 Bf6 28. Nf3 h4 29. Qh2 Nxf3 30. Rxd8+ Qxd8 31. gxf3 Qd1 0-1